|
|
|
|
| LEADER |
00795nam a2200217 a 4500 |
| 001 |
GR-MES95 |
| 008 |
991111s1965 gr 000 b ita d |
| 020 |
|
|
|a 8870190765
|
| 040 |
|
|
|a GrPaTEI
|b gre
|c GR-PaULI
|
| 245 |
0 |
0 |
|a Echinodermata
|n vi.
|
| 260 |
|
|
|a Bologna :
|b Calderini,
|c 1965
|
| 300 |
|
|
|a xv, 422σελ. :
|b εικ.
|
| 504 |
|
|
|a Βιβλιογραφία : σελ.385-419
|
| 650 |
|
0 |
|a Aσπόνδυλα-Εχινοδέρματα
|
| 700 |
1 |
|
|a Tortonese, Enrico
|
| 710 |
0 |
|
|a Calderini
|
| 710 |
2 |
|
|a Fauna d`Italia
|
| 942 |
|
|
|2 ddc
|
| 952 |
|
|
|0 0
|1 0
|2 ddc
|4 0
|6 593_900000000000000_TOR
|7 0
|9 263363
|a MSLG
|b MSLG
|c BSC
|d 2021-01-17
|e 24
|f 0
|g 0.00
|l 0
|o 593.9 TOR
|p 2420000001235
|r 2021-01-17 00:00:00
|t 1
|w 2021-01-17
|y BK15
|x 19991111 0 1
|x GrPaTEI
|
| 971 |
|
|
|a .b25711362
|b 15-04-20
|c 13-09-16
|
| 999 |
|
|
|c 151585
|d 151585
|